[Event "POL-chT 2nd League"]
[Site "Jastrzebia Gora"]
[Date "2023.09.06"]
[Round "5.6"]
[White "Jedrocha, Katarzyna"]
[Black "Budkiewicz, Magdalena"]
[Result "1/2-1/2"]
[WhiteElo "1976"]
[BlackElo "1762"]
[PlyCount "95"]
[EventDate "2023.09.02"]
[EventType "team-swiss"]
[EventRounds "9"]
[EventCountry "POL"]
[SourceTitle "CBM 216 Extra"]
[Source "ChessBase"]
[SourceDate "2023.11.30"]
[SourceVersion "1"]
[SourceVersionDate "2023.11.30"]
[SourceQuality "1"]
[WhiteTeam "Krakow KKSz"]
[BlackTeam "Legnica Miedz"]
[WhiteTeamCountry "POL"]
[BlackTeamCountry "POL"]

1. d4 e6 2. Nf3 d5 3. g3 Nf6 4. Bg2 c5 5. 0-0 Nc6 6. b3 Bd6 7. Bb2 0-0 8. Nbd2 cxd4 9. Nxd4 Nxd4 10. Bxd4 e5 11. Bb2 Re8 12. e3 Bd7 13. c4 Bc6 14. cxd5 Nxd5 15. Nc4 Bc7 16. a4 Qd7 17. Qh5 Nf6 18. Bxc6 Qxc6 19. Qh4 Rad8 20. Rfd1 Rxd1+ 21. Rxd1 Qf3 22. Rf1 h6 23. Qh3 e4 24. Bxf6 Qxf6 25. Qd7 Qe7 26. Rd1 Kf8 27. Qb5 Rd8 28. Rxd8+ Qxd8 29. Qc5+ Kg8 30. Nb2 a6 31. Kg2 Qd6 32. Qf5 Qc6 33. Nc4 g6 34. Qc8+ Kg7 35. a5 Qf6 36. Qd7 Bd8 37. h4 h5 38. Nd2 Bxa5 39. Nxe4 Qb6 40. Kh2 Qxb3 41. Qd4+ Kh7 42. Nf6+ Kh6 43. Ng8+ Kh7 44. Nf6+ Kh6 45. Qc5 Bb4 46. Qc8 Kg7 47. Ne8+ Kh7 48. Nf6+ 1/2-1/2

[Event "POL-chT 2nd League"]
[Site "Jastrzebia Gora"]
[Date "2022.09.08"]
[Round "6.35"]
[White "Jedrocha, Katarzyna"]
[Black "Paprocka, Renata"]
[Result "1-0"]
[WhiteElo "1978"]
[BlackElo "1869"]
[PlyCount "69"]
[EventDate "2022.09.03"]
[EventType "team-swiss"]
[EventRounds "9"]
[EventCountry "POL"]
[SourceTitle "CBM 210 Extra"]
[Source "ChessBase"]
[SourceDate "2022.11.30"]
[SourceVersion "1"]
[SourceVersionDate "2022.11.30"]
[SourceQuality "1"]
[WhiteTeam "Krakow KKSz"]
[BlackTeam "Bydgoszcz Wiartrak"]
[WhiteTeamCountry "POL"]
[BlackTeamCountry "POL"]

1. e4 Nf6 2. Nc3 e5 3. Nf3 d6 4. d4 Nbd7 5. Bc4 Be7 6. a4 a5 7. Ng5 0-0 8. Bxf7+ Rxf7 9. Ne6 Qe8 10. Nxc7 Qd8 11. Nxa8 exd4 12. Nb5 Nxe4 13. 0-0 d5 14. Nac7 Ndf6 15. f3 Bc5 16. Kh1 d3 17. fxe4 Ng4 18. Bf4 Be3 19. Bg3 dxe4 20. Rxf7 Kxf7 21. cxd3 exd3 22. Qb3+ Kg6 23. Rf1 Bf5 24. h3 Nh6 25. Nd5 Qg5 26. Bf4 Qh4 27. Bxe3 Bxh3 28. Nf4+ Kf6 29. Nxh3+ Ke5 30. Qc3+ Ke6 31. Nc7+ Kd7 32. Qxg7+ Kc8 33. Rf8+ Qd8 34. Rxd8+ Kxd8 35. Bxh6 1-0

[Event "POL-chT Academic"]
[Site "Chorzow"]
[Date "2021.05.16"]
[Round "7.19"]
[White "Antolak, Julia"]
[Black "Jedrocha, Katarzyna"]
[Result "1/2-1/2"]
[WhiteElo "2306"]
[BlackElo "1978"]
[PlyCount "114"]
[EventDate "2021.05.15"]
[EventType "team-swiss (rapid)"]
[EventRounds "9"]
[EventCountry "POL"]
[SourceTitle "CBM 202 Extra"]
[Source "ChessBase"]
[SourceDate "2021.07.31"]
[SourceVersion "1"]
[SourceVersionDate "2021.07.31"]
[SourceQuality "1"]
[WhiteTeam "Gdansk Univ"]
[BlackTeam "Krakow Gorniczo Hutnicza Acad"]
[WhiteTeamCountry "POL"]
[BlackTeamCountry "POL"]

1. e4 c5 2. Nf3 d6 3. d4 cxd4 4. Nxd4 Nf6 5. Nc3 a6 6. Nb3 e5 7. Bg5 Be6 8. f4 exf4 9. Qd2 h6 10. Bxf4 Nc6 11. 0-0-0 Ne5 12. Nd4 Be7 13. Be2 Qc7 14. Nf5 Bxf5 15. exf5 0-0-0 16. Kb1 Rhe8 17. h3 Kb8 18. Rhe1 Rc8 19. Be3 Nc4 20. Bxc4 Qxc4 21. Bf4 Ka8 22. Qd4 d5 23. Be3 Bc5 24. Qxc4 dxc4 25. Bxc5 Rxe1 26. Rxe1 Rxc5 27. g4 Rc7 28. Kc1 b5 29. a3 Kb7 30. Rg1 Rd7 31. h4 Kc6 32. g5 hxg5 33. hxg5 Nd5 34. Ne4 Nf4 35. Rf1 Ne2+ 36. Kb1 Rd4 37. g6 fxg6 38. f6 gxf6 39. Rxf6+ Kd5 40. Nf2 Rf4 41. Rxf4 Nxf4 42. Kc1 Kd4 43. Kd2 Nd5 44. Ke2 c3 45. b3 Ne3 46. Nd3 Nxc2 47. a4 Na1 48. axb5 axb5 49. b4 Kc4 50. Ne5+ Kxb4 51. Nxg6 c2 52. Kd2 Kb3 53. Ne5 Kb2 54. Nd3+ Kb1 55. Kc3 c1Q+ 56. Nxc1 Kxc1 57. Kb4 Nc2+ 1/2-1/2

[Event "POL-chT Academic"]
[Site "Chorzow"]
[Date "2021.05.15"]
[Round "4.6"]
[White "Jedrocha, Katarzyna"]
[Black "Kopica, Paulina"]
[Result "0-1"]
[WhiteElo "1978"]
[BlackElo "1890"]
[PlyCount "86"]
[EventDate "2021.05.15"]
[EventType "team-swiss (rapid)"]
[EventRounds "9"]
[EventCountry "POL"]
[SourceTitle "CBM 202 Extra"]
[Source "ChessBase"]
[SourceDate "2021.07.31"]
[SourceVersion "1"]
[SourceVersionDate "2021.07.31"]
[SourceQuality "1"]
[WhiteTeam "Krakow Gorniczo Hutnicza Acad"]
[BlackTeam "Wroclaw Politechnik"]
[WhiteTeamCountry "POL"]
[BlackTeamCountry "POL"]

1. e4 e6 2. d4 d5 3. Nd2 a6 4. c3 c5 5. exd5 exd5 6. Ngf3 Nf6 7. Be2 Nc6 8. dxc5 Bxc5 9. Nb3 Bb6 10. 0-0 0-0 11. Bg5 Be6 12. Nbd4 Re8 13. Bd3 Bg4 14. h3 Bh5 15. Qb3 Ne5 16. Nxe5 Rxe5 17. Bf4 Re8 18. Rfe1 Ne4 19. f3 Nf6 20. Rxe8+ Nxe8 21. Kh1 Qf6 22. Bg5 Qd6 23. Nf5 Qe6 24. Ne7+ Kf8 25. Qxd5 h6 26. Qxb7 Ra7 27. Qc8 hxg5 28. Qxe6 fxe6 29. Nc6 Rc7 30. Ne5 a5 31. Re1 Nf6 32. Nc4 Rc6 33. Re5 Bf7 34. Rxg5 Nd5 35. Ne5 Rc7 36. Be4 Nf4 37. Rg4 Ne2 38. Ng6+ Bxg6 39. Bxg6 Rd7 40. f4 Rd1+ 41. Kh2 Bg1+ 42. Kh1 Be3+ 43. Kh2 Bxf4+ 0-1

[Event "POL-chT Academic"]
[Site "Chorzow"]
[Date "2021.05.15"]
[Round "2.6"]
[White "Jedrocha, Katarzyna"]
[Black "Wicikowska, Agata"]
[Result "1-0"]
[WhiteElo "1978"]
[BlackElo "1545"]
[PlyCount "81"]
[EventDate "2021.05.15"]
[EventType "team-swiss (rapid)"]
[EventRounds "9"]
[EventCountry "POL"]
[SourceTitle "CBM 202 Extra"]
[Source "ChessBase"]
[SourceDate "2021.07.31"]
[SourceVersion "1"]
[SourceVersionDate "2021.07.31"]
[SourceQuality "1"]
[WhiteTeam "Krakow Gorniczo Hutnicza Acad"]
[BlackTeam "Gdansk Politechnika"]
[WhiteTeamCountry "POL"]
[BlackTeamCountry "POL"]

1. d4 d5 2. Nf3 Nf6 3. g3 e6 4. Bg2 Bd6 5. 0-0 Nbd7 6. c4 c6 7. b3 e5 8. dxe5 Nxe5 9. Bb2 Ng6 10. cxd5 cxd5 11. Nc3 Be6 12. Nb5 Be7 13. Rc1 0-0 14. Nfd4 Rc8 15. Nxe6 fxe6 16. Bh3 Qb6 17. Rxc8 Rxc8 18. Bd4 Qa6 19. a4 Nf8 20. Nxa7 Rc7 21. Nb5 Rc6 22. Qd2 Kf7 23. Rc1 Rxc1+ 24. Qxc1 Qc6 25. Qb1 g6 26. Bb2 b6 27. Nd4 Qd6 28. e3 Qb4 29. Qc1 Qc5 30. Qc3 Qxc3 31. Bxc3 Bc5 32. Kf1 Ke7 33. Ke2 Kd6 34. Nb5+ Kc6 35. Bxf6 Nd7 36. Bc3 e5 37. Bxd7+ Kxd7 38. Bxe5 Ke6 39. Bd4 Kd7 40. Kd3 Kc6 41. Nc3 1-0

[Event "POL-ch Academic (Women)"]
[Site "Chorzow"]
[Date "2021.05.15"]
[Round "8.5"]
[White "Rudnik, Anna"]
[Black "Jedrocha, Katarzyna"]
[Result "1-0"]
[WhiteElo "1827"]
[BlackElo "1978"]
[PlyCount "115"]
[EventDate "2021.05.14"]
[EventType "swiss (rapid)"]
[EventRounds "9"]
[EventCountry "POL"]
[SourceTitle "CBM 202 Extra"]
[Source "ChessBase"]
[SourceDate "2021.07.31"]
[SourceVersion "1"]
[SourceVersionDate "2021.07.31"]
[SourceQuality "1"]

1. e4 c5 2. Nf3 d6 3. d4 cxd4 4. Nxd4 Nf6 5. Nc3 a6 6. a4 e5 7. Nf3 Qc7 8. Bg5 Nbd7 9. Be2 Be7 10. 0-0 h6 11. Bxf6 Nxf6 12. a5 Be6 13. h3 Rc8 14. Nh2 Qc6 15. Bd3 0-0 16. Qe2 d5 17. exd5 Nxd5 18. Qe4 f5 19. Qxe5 Bf6 20. Nxd5 Bxe5 21. Ne7+ Kf7 22. Nxc6 Rxc6 23. c3 Rd8 24. Nf3 Bf6 25. Bc2 g6 26. Rfe1 Bd5 27. Ne5+ Bxe5 28. Rxe5 Kf6 29. Rae1 Re6 30. Rxe6+ Bxe6 31. Rd1 Rxd1+ 32. Bxd1 Ke5 33. Kf1 Bc8 34. Bf3 g5 35. g3 f4 36. g4 Kd6 37. Ke2 Kc5 38. Kd3 Kb5 39. b4 Ka4 40. Kd4 Kb3 41. Bd5+ Kc2 42. c4 Kb3 43. Kc5 Ka4 44. Be4 Kb3 45. b5 axb5 46. cxb5 Ka4 47. Kb6 Kb4 48. a6 bxa6 49. bxa6 Bxa6 50. Kxa6 Kc5 51. f3 Kd4 52. Kb6 Ke3 53. Kc5 Kf2 54. Kd5 Kg3 55. Ke5 Kxh3 56. Kf5 Kh4 57. Kg6 h5 58. gxh5 1-0

[Event "POL-chT Academic"]
[Site "Chorzow"]
[Date "2021.05.15"]
[Round "1.6"]
[White "Tarnowska, Aleksandra"]
[Black "Jedrocha, Katarzyna"]
[Result "0-1"]
[WhiteElo "1841"]
[BlackElo "1978"]
[PlyCount "114"]
[EventDate "2021.05.15"]
[EventType "team-swiss (rapid)"]
[EventRounds "9"]
[EventCountry "POL"]
[SourceTitle "CBM 202 Extra"]
[Source "ChessBase"]
[SourceDate "2021.07.31"]
[SourceVersion "1"]
[SourceVersionDate "2021.07.31"]
[SourceQuality "1"]
[WhiteTeam "Lodz Medicine Univ"]
[BlackTeam "Krakow Gorniczo Hutnicza Acad"]
[WhiteTeamCountry "POL"]
[BlackTeamCountry "POL"]

1. e4 c5 2. Nc3 a6 3. a4 Nc6 4. f4 e6 5. Nf3 d5 6. d3 Be7 7. g3 b6 8. Bg2 Bb7 9. 0-0 h5 10. h3 d4 11. Ne2 Nf6 12. c3 0-0 13. Nh2 Qd7 14. g4 hxg4 15. hxg4 dxc3 16. bxc3 Rfd8 17. g5 Ne8 18. Rf3 e5 19. f5 c4 20. Rh3 cxd3 21. Ng3 g6 22. f6 d2 23. Bxd2 Bc5+ 24. Kh1 Qxd2 25. Qg4 Qf4 26. Qxf4 exf4 27. Ne2 Be3 28. Ng4 Rd2 29. Nh6+ Kf8 30. Nf5 Nxf6 31. gxf6 Ke8 32. Nxe3 fxe3 33. Rxe3 Ne5 34. Nd4 Rc8 35. Rb1 Nc4 36. Re2 Rxe2 37. Nxe2 Bc6 38. Ra1 Ne5 39. Nd4 Bd7 40. Ne2 Rc4 41. Rb1 b5 42. axb5 Bxb5 43. Nd4 Rxc3 44. Nxb5 axb5 45. Rxb5 Rc1+ 46. Kh2 Ng4+ 47. Kg3 Nxf6 48. Rb8+ Ke7 49. Rb7+ Kf8 50. e5 Nh5+ 51. Kf2 Rc2+ 52. Kf3 Rc8 53. Ke3 Re8 54. Kd4 Nf4 55. Bf3 Ne6+ 56. Kc4 Rc8+ 57. Kb5 Nd4+ 0-1

[Event "POL-chT Academic"]
[Site "Katowice"]
[Date "2020.11.15"]
[Round "6.12"]
[White "Mazur, Anna"]
[Black "Jedrocha, Katarzyna"]
[Result "1/2-1/2"]
[WhiteElo "1731"]
[BlackElo "1978"]
[PlyCount "198"]
[EventDate "2020.11.14"]
[EventType "team-swiss (rapid)"]
[EventRounds "9"]
[EventCountry "POL"]
[SourceTitle "CBM 199 Extra"]
[Source "ChessBase"]
[SourceDate "2021.01.31"]
[SourceVersion "1"]
[SourceVersionDate "2021.01.31"]
[SourceQuality "1"]
[WhiteTeam "Gliwice Politechnika Slaska"]
[BlackTeam "Krakow Gorniczo Hutnicza Akad"]
[WhiteTeamCountry "POL"]
[BlackTeamCountry "POL"]

1. e4 c5 2. Nf3 d6 3. d4 cxd4 4. Nxd4 Nf6 5. Nc3 a6 6. h3 e5 7. Nde2 b5 8. a3 Bb7 9. Qd3 Nbd7 10. Ng3 Nc5 11. Qf3 d5 12. exd5 Nxd5 13. Nxd5 Qxd5 14. Qxd5 Bxd5 15. Be3 g6 16. 0-0-0 Rd8 17. Ne2 Be7 18. Nc3 Bc6 19. Rxd8+ Kxd8 20. f3 Kc8 21. Be2 Rd8 22. Rf1 f5 23. g3 Kb7 24. h4 Ne6 25. Bd3 Nd4 26. Bxd4 Rxd4 27. Ne2 Rd7 28. Nc3 Bc5 29. h5 Be3+ 30. Kb1 Bd4 31. hxg6 hxg6 32. Ne2 Bc5 33. Nc3 Bd4 34. Ne2 e4 35. fxe4 fxe4 36. Nxd4 Rxd4 37. Be2 Rd2 38. Bg4 Rg2 39. Rf7+ Kb6 40. Rf6 Kc5 41. b4+ Kd5 42. Rxg6 Be8 43. Rg5+ Kd4 44. Bh3 Rg1+ 45. Kb2 e3 46. Rg4+ Ke5 47. Rg5+ Ke4 48. Bf5+ Kf3 49. Bd3 Rxg3 50. Rf5+ Kg2 51. Re5 Bc6 52. Re6 Bf3 53. Rxa6 e2 54. Bxe2 Bxe2 55. Rb6 Bc4 56. Rb8 Kf3 57. Rf8+ Ke4 58. Re8+ Kd4 59. Rd8+ Ke5 60. Rc8 Rg2 61. a4 Be6 62. Rc5+ Kd4 63. axb5 Bd5 64. b6 Rg6 65. c3+ Ke4 66. Rb5 Bb7 67. c4 Kd4 68. c5 Rg2+ 69. Kc1 Kc3 70. Kd1 Kc4 71. Ra5 Kxb4 72. Ra7 Bf3+ 73. Ke1 Kxc5 74. b7 Rg8 75. Kf2 Bc6 76. b8Q Rxb8 77. Ke3 Re8+ 78. Kd2 Bb5 79. Rc7+ Kd4 80. Rh7 Bc6 81. Rh4+ Be4 82. Rh6 Ra8 83. Rd6+ Bd5 84. Rh6 Ra2+ 85. Ke1 Ke3 86. Kd1 Be4 87. Rh3+ Kd4 88. Rh8 Rf2 89. Rd8+ Ke3 90. Kc1 Bd3 91. Re8+ Kd4 92. Rd8+ Kc3 93. Rc8+ Bc4 94. Rd8 Rf1+ 95. Rd1 Rf2 96. Rd8 Rh2 97. Rd6 Bd3 98. Rc6+ Bc4 99. Rd6 Rh1+ 1/2-1/2

[Event "POL-chT Academic"]
[Site "Katowice"]
[Date "2020.11.14"]
[Round "5.6"]
[White "Jedrocha, Katarzyna"]
[Black "Kubicka, Anna"]
[Result "1/2-1/2"]
[WhiteElo "1978"]
[BlackElo "2256"]
[PlyCount "104"]
[EventDate "2020.11.14"]
[EventType "team-swiss (rapid)"]
[EventRounds "9"]
[EventCountry "POL"]
[SourceTitle "CBM 199 Extra"]
[Source "ChessBase"]
[SourceDate "2021.01.31"]
[SourceVersion "1"]
[SourceVersionDate "2021.01.31"]
[SourceQuality "1"]
[WhiteTeam "Krakow Gorniczo Hutnicza Akad"]
[BlackTeam "Warszawa Kozminskiego Akad"]
[WhiteTeamCountry "POL"]
[BlackTeamCountry "POL"]

1. d4 Nf6 2. g3 c5 3. d5 e6 4. Nc3 exd5 5. Nxd5 Nxd5 6. Qxd5 Nc6 7. e4 Be7 8. Bg2 d6 9. Ne2 0-0 10. 0-0 Be6 11. Qd1 Qc7 12. c3 Rad8 13. Nf4 Bc4 14. Re1 Bf6 15. Nd5 Bxd5 16. Qxd5 Rfe8 17. Bf4 Ne7 18. Qc4 Ng6 19. Be3 Rb8 20. a4 a6 21. Red1 b5 22. axb5 axb5 23. Qd5 Red8 24. Ra6 Rb6 25. Rxb6 Qxb6 26. Bf1 Qa5 27. Qc6 Ne5 28. Qxb5 Qxb5 29. Bxb5 Rb8 30. c4 Nf3+ 31. Kg2 Nd4 32. Bf4 Be5 33. Bxe5 dxe5 34. Rd2 g6 35. Ba4 Kg7 36. b3 f5 37. f3 Kf6 38. Ra2 Ra8 39. Rd2 h6 40. h4 Rb8 41. Rb2 Ra8 42. Rd2 g5 43. hxg5+ hxg5 44. exf5 Kxf5 45. Bd7+ Kf6 46. Ba4 Rb8 47. Rb2 Ra8 48. Rb1 Rb8 49. Kf2 Kg6 50. Kg2 Kf6 51. Kf2 Kg6 52. Kg2 Kf6 1/2-1/2

[Event "POL-chT 2nd League"]
[Site "Poronin"]
[Date "2020.09.11"]
[Round "7.9"]
[White "Jedrocha, Katarzyna"]
[Black "Rykala, Monika"]
[Result "1-0"]
[WhiteElo "1944"]
[BlackElo "1877"]
[PlyCount "157"]
[EventDate "2020.09.05"]
[EventType "team-swiss"]
[EventRounds "9"]
[EventCountry "POL"]
[SourceTitle "CBM 198 Extra"]
[Source "ChessBase"]
[SourceDate "2020.11.30"]
[SourceVersion "1"]
[SourceVersionDate "2020.11.30"]
[SourceQuality "1"]
[WhiteTeam "Krakow Klub Szachistow"]
[BlackTeam "Minsk Mazowiecki MTSz"]
[WhiteTeamCountry "POL"]
[BlackTeamCountry "POL"]

1. d4 d5 2. g3 e6 3. Bg2 c6 4. c4 Be7 5. Nf3 f5 6. 0-0 Nf6 7. Bf4 0-0 8. Nbd2 Ne4 9. Bxb8 Rxb8 10. Ne5 Nxd2 11. Qxd2 Bf6 12. cxd5 exd5 13. f4 Be6 14. b4 Qe7 15. e3 Rfc8 16. Nd3 Re8 17. Rab1 Bf7 18. Ne5 Be6 19. Rfc1 Rbc8 20. Nd3 Bf7 21. Kf2 a6 22. Rc2 Rc7 23. Rbc1 Rec8 24. Nc5 Qd6 25. Bf1 Re8 26. Bd3 Rce7 27. Bxf5 Rxe3 28. Qxe3 Rxe3 29. Kxe3 g6 30. Bc8 Qe7+ 31. Kf3 Bxd4 32. Re2 Qc7 33. Ne6 Qxc8 34. Nxd4 Qf8 35. Rc5 a5 36. a3 axb4 37. axb4 Qd6 38. Ke3 Be8 39. Kf2 Bd7 40. Rb2 Qf6 41. Rd2 g5 42. Kf3 Qf7 43. Rc3 Qh5+ 44. Kg2 Qh3+ 45. Kg1 Qh6 46. Rf3 g4 47. Re3 Qd6 48. Rb3 Qf6 49. Kf2 Be8 50. Ra3 Qd6 51. Ra8 Kf7 52. Nf5 Qxb4 53. Re2 Kf6 54. Raxe8 Qb6+ 55. Kg2 c5 56. Ne3 Kf7 57. Nxg4 Qd6 58. Kf3 h5 59. R2e7+ Qxe7 60. Rxe7+ Kxe7 61. Ne5 b5 62. Ke3 Ke6 63. Kd3 b4 64. Nf3 Kf6 65. h3 Kf5 66. Nh4+ Kf6 67. g4 hxg4 68. hxg4 Ke6 69. Nf3 Kf6 70. Ne5 Ke6 71. g5 Kf5 72. g6 Kxf4 73. Nc6 c4+ 74. Kc2 d4 75. Nxb4 Ke3 76. g7 Ke2 77. g8Q d3+ 78. Kc3 d2 79. Qg2+ 1-0

[Event "POL-chT 2nd League"]
[Site "Poronin"]
[Date "2020.09.10"]
[Round "6.9"]
[White "Jablonska, Sabina"]
[Black "Jedrocha, Katarzyna"]
[Result "0-1"]
[WhiteElo "1960"]
[BlackElo "1944"]
[PlyCount "52"]
[EventDate "2020.09.05"]
[EventType "team-swiss"]
[EventRounds "9"]
[EventCountry "POL"]
[SourceTitle "CBM 198 Extra"]
[Source "ChessBase"]
[SourceDate "2020.11.30"]
[SourceVersion "1"]
[SourceVersionDate "2020.11.30"]
[SourceQuality "1"]
[WhiteTeam "Wisznia Mala Bialy Krol II"]
[BlackTeam "Krakow Klub Szachistow"]
[WhiteTeamCountry "POL"]
[BlackTeamCountry "POL"]

1. d4 Nf6 2. Bf4 d5 3. e3 e6 4. Nd2 Bd6 5. Bg3 0-0 6. Bd3 b6 7. c3 Bb7 8. Qb1 h6 9. Ngf3 c5 10. Ne5 Qc7 11. f4 Nbd7 12. Bf2 c4 13. Bc2 b5 14. a3 a5 15. a4 b4 16. Rg1 bxc3 17. bxc3 Bxe5 18. dxe5 Ne4 19. Nxe4 dxe4 20. Bxe4 Rab8 21. Bc2 Be4 22. Qc1 Qc6 23. Bh4 Nc5 24. Be7 Bxc2 25. Qxc2 Nd3+ 26. Kf1 Rb2 0-1

[Event "POL-chT 2nd League"]
[Site "Jastrzebia Gora"]
[Date "2019.09.13"]
[Round "7.11"]
[White "Jakubiec, Edyta"]
[Black "Jedrocha, Katarzyna"]
[Result "1-0"]
[WhiteElo "2221"]
[BlackElo "1943"]
[PlyCount "109"]
[EventDate "2019.09.07"]
[EventType "team-swiss"]
[EventRounds "9"]
[EventCountry "POL"]
[SourceTitle "EXT 2020"]
[Source "ChessBase"]
[SourceDate "2019.10.17"]
[SourceVersion "1"]
[SourceVersionDate "2019.10.17"]
[SourceQuality "1"]
[WhiteTeam "Gliwice Roszada"]
[BlackTeam "Myslenice MLKSz"]
[WhiteTeamCountry "POL"]
[BlackTeamCountry "POL"]

1. e4 e5 2. Nf3 Nc6 3. Bc4 Nf6 4. d3 Bc5 5. 0-0 d6 6. c3 a6 7. Bb3 h6 8. Nbd2 0-0 9. Re1 Ba7 10. Nf1 Ne7 11. Ng3 Ng6 12. h3 c6 13. d4 Re8 14. Bc2 Qc7 15. Be3 Be6 16. Nh2 d5 17. dxe5 Nxe5 18. Bxa7 Rxa7 19. f4 Nc4 20. e5 Qb6+ 21. Kh1 Ne3 22. Qd3 Nxc2 23. Qxc2 Ne4 24. Nxe4 dxe4 25. b3 Qc5 26. b4 Qd5 27. Red1 Qb5 28. Qxe4 Bd5 29. Qd4 Raa8 30. Ng4 Rad8 31. Qf2 Qa4 32. Kh2 Be4 33. Rd4 Rxd4 34. Qxd4 Bd5 35. Ne3 Qa3 36. Qd2 b5 37. Nxd5 cxd5 38. Re1 Rc8 39. Re3 Rc4 40. f5 d4 41. cxd4 Qxb4 42. Qxb4 Rxb4 43. Rd3 Kf8 44. Kg3 Ke8 45. Kf3 Rb1 46. Rd2 Re1 47. Re2 Rd1 48. Ke4 b4 49. Rc2 Kd7 50. Kd5 Re1 51. Rc6 a5 52. Ra6 Re2 53. Rxa5 Rxg2 54. Ra7+ Ke8 55. Kd6 1-0

[Event "POL-chT rapid"]
[Site "Zgierz"]
[Date "2018.03.03"]
[Round "4.16"]
[White "Socko, Monika"]
[Black "Jedrocha, Katarzyna"]
[Result "1/2-1/2"]
[WhiteElo "2468"]
[BlackElo "1922"]
[PlyCount "24"]
[EventDate "2018.03.03"]
[EventType "team-swiss (rapid)"]
[EventRounds "9"]
[EventCountry "POL"]
[SourceTitle "CBM 183 Extra"]
[Source "ChessBase"]
[SourceDate "2018.04.19"]
[SourceVersion "1"]
[SourceVersionDate "2018.04.19"]
[SourceQuality "1"]
[WhiteTeam "Katowice Wasko"]
[BlackTeam "Krakow KKSz"]
[WhiteTeamCountry "POL"]
[BlackTeamCountry "POL"]

1. e4 c5 2. Nf3 d6 3. Bb5+ Bd7 4. Bxd7+ Qxd7 5. 0-0 Nc6 6. c3 Nf6 7. Qe2 e6 8. d4 cxd4 9. cxd4 d5 10. e5 Ne4 11. Be3 Be7 12. Ne1 f5 1/2-1/2

[Event "POL-chT 2nd League"]
[Site "Szklarska Poreba"]
[Date "2017.09.06"]
[Round "5.2"]
[White "Jedrocha, Katarzyna"]
[Black "Richterova, Natasa"]
[Result "1/2-1/2"]
[WhiteElo "1902"]
[BlackElo "2188"]
[PlyCount "113"]
[EventDate "2017.09.02"]
[EventType "team-swiss"]
[EventRounds "9"]
[EventCountry "POL"]
[SourceTitle "CBM 180 Extra"]
[Source "ChessBase"]
[SourceDate "2017.10.06"]
[SourceVersion "1"]
[SourceVersionDate "2017.10.06"]
[SourceQuality "1"]
[WhiteTeam "Krakow KKSz"]
[BlackTeam "Pawlowice Gminy"]
[WhiteTeamCountry "POL"]
[BlackTeamCountry "POL"]

1. d4 d5 2. Bf4 Nf6 3. e3 c6 4. Be2 Bf5 5. Nf3 h6 6. h3 e6 7. c4 Bxb1 8. Qxb1 Bb4+ 9. Kf1 Nbd7 10. a3 Be7 11. c5 Ne4 12. Qc2 f5 13. Bd3 g5 14. Bh2 0-0 15. Ke2 b6 16. b4 b5 17. a4 a6 18. Ne5 Nxe5 19. Bxe5 Bf6 20. Bh2 Bg7 21. f3 Nf6 22. axb5 axb5 23. Rxa8 Qxa8 24. Qb2 Qb7 25. Ra1 Ra8 26. Ra3 Ra4 27. Rxa4 bxa4 28. Qa3 Qa7 29. Bc2 Qa6+ 30. Bd3 Qa8 31. Bc2 Qa6+ 32. Kf2 f4 33. Bd3 fxe3+ 34. Kxe3 Qa7 35. Be5 Nh5 36. Bxg7 Kxg7 37. Kf2 Qb8 38. Qxa4 Qg3+ 39. Kf1 Nf4 40. Qc2 Qh2 41. b5 Qh1+ 42. Kf2 Qxg2+ 43. Ke3 Qg1+ 44. Kd2 Qxd4 45. Qc3 Qxc3+ 46. Kxc3 cxb5 47. c6 d4+ 48. Kxd4 Nd5 49. Ke5 Kf7 50. Bxb5 Ke7 51. Bc4 Nb4 52. c7 Nc6+ 53. Ke4 Na7 54. Ke5 Nc6+ 55. Ke4 Na7 56. Ke5 Nc6+ 57. Ke4 1/2-1/2

[Event "POL-chT 2nd League"]
[Site "Szklarska Poreba"]
[Date "2017.09.05"]
[Round "4.5"]
[White "Czaplewska, Klara"]
[Black "Jedrocha, Katarzyna"]
[Result "1/2-1/2"]
[WhiteElo "1880"]
[BlackElo "1902"]
[PlyCount "55"]
[EventDate "2017.09.02"]
[EventType "team-swiss"]
[EventRounds "9"]
[EventCountry "POL"]
[SourceTitle "CBM 180 Extra"]
[Source "ChessBase"]
[SourceDate "2017.10.06"]
[SourceVersion "1"]
[SourceVersionDate "2017.10.06"]
[SourceQuality "1"]
[WhiteTeam "Gostynin Gostmat 83"]
[BlackTeam "Krakow KKSz"]
[WhiteTeamCountry "POL"]
[BlackTeamCountry "POL"]

1. d4 Nf6 2. Nf3 d5 3. Bf4 Bf5 4. e3 e6 5. Be2 Bd6 6. Bg3 h6 7. c4 0-0 8. Nc3 c6 9. 0-0 Bxg3 10. hxg3 Nbd7 11. Qb3 Qb6 12. Qxb6 axb6 13. a3 g5 14. Rac1 Kg7 15. Nd2 Rae8 16. Rfe1 Rh8 17. f3 c5 18. Nb5 Bg6 19. Nd6 Rb8 20. Nb3 Rhd8 21. Red1 Kf8 22. Nb5 Rbc8 23. Nd6 Rc7 24. Nb5 Rcc8 25. Nd6 Rc7 26. Nb5 Rcc8 27. Nd6 Rc7 28. Nb5 1/2-1/2

[Event "POL-chT 2nd League"]
[Site "Szklarska Poreba"]
[Date "2017.09.03"]
[Round "2.4"]
[White "Murawko, Katarzyna"]
[Black "Jedrocha, Katarzyna"]
[Result "1/2-1/2"]
[WhiteElo "1988"]
[BlackElo "1902"]
[PlyCount "174"]
[EventDate "2017.09.02"]
[EventType "team-swiss"]
[EventRounds "9"]
[EventCountry "POL"]
[SourceTitle "CBM 180 Extra"]
[Source "ChessBase"]
[SourceDate "2017.10.06"]
[SourceVersion "1"]
[SourceVersionDate "2017.10.06"]
[SourceQuality "1"]
[WhiteTeam "Debica Gryf"]
[BlackTeam "Krakow KKSz"]
[WhiteTeamCountry "POL"]
[BlackTeamCountry "POL"]

1. e4 c5 2. Nf3 d6 3. Bb5+ Bd7 4. Bxd7+ Qxd7 5. 0-0 Nc6 6. c3 Nf6 7. Re1 g6 8. d4 Bg7 9. Bf4 0-0 10. d5 Na5 11. Nbd2 b5 12. h3 Nb7 13. c4 Na5 14. cxb5 Qxb5 15. Rb1 Rfc8 16. g4 a6 17. Re3 c4 18. Nd4 Qb6 19. N2f3 Nd7 20. Ra3 Nc5 21. Be3 Qc7 22. Qc2 Kf8 23. Bd2 Nab7 24. Nc6 Qd7 25. Qxc4 h5 26. Nh2 Nd8 27. Nxd8 Qxd8 28. gxh5 Nd7 29. Qe2 Rc2 30. Qd1 Rc4 31. h6 Bf6 32. Qe1 Nc5 33. f3 Nd7 34. Ng4 Kg8 35. Bc3 Bg5 36. h4 Bf4 37. Kg2 Kh7 38. Qe2 Qc8 39. Rd1 Bxh6 40. Nxh6 Kxh6 41. Rh1 Nf6 42. Bd2+ Kg7 43. Rc3 Rxc3 44. Bxc3 Qb7 45. Qe3 Rh8 46. Qf4 Qb5 47. Qe3 Rh5 48. Kf2 Qb7 49. Qd3 Qc8 50. Bd4 Qb7 51. Qc3 Qb5 52. b3 a5 53. a4 Qa6 54. Qc4 Qb7 55. Bc3 Qa7+ 56. Bd4 Qb7 57. Ke3 Rh8 58. Qb5 Qc7 59. Bb6 Qc3+ 60. Qd3 Qb4 61. Qb5 Qc3+ 62. Qd3 Qb4 63. Bd4 Rb8 64. Rb1 Qb7 65. Qc3 Qa6 66. Qc6 Qb7 67. Qxb7 Rxb7 68. Kd3 Kh6 69. Bxf6 exf6 70. Kc3 Rb4 71. Rg1 Kh5 72. Rg4 Rb7 73. Rf4 g5 74. hxg5 Kxg5 75. Rg4+ Kh5 76. Rg8 Rc7+ 77. Kd3 Rb7 78. Kc3 Rc7+ 79. Kb2 Kh4 80. Rd8 Kg3 81. Rxd6 Kxf3 82. Rxf6+ Kxe4 83. Ra6 f5 84. Rxa5 f4 85. Ra8 Rf7 86. d6 f3 87. d7 Ke5 1/2-1/2